Top 100 Babynamen 2025- Mädchen - Statistiken

Allgemein
  • Dieses Quiz wurde 160 mal gespielt
  • Das Durchschnittsergebnis liegt bei 30 aus 100
Antwortstatistiken
Name % Korrekt
22. A Anna
86%
4. H Hannah
75%
10. L Lia
73%
15. M Marie
73%
1. S Sophia
72%
56. E Elli
71%
2. E Emma
70%
41. L Lena
70%
29. S Sophie
70%
3. E Emilia
69%
6. M Mia
65%
5. L Lina
64%
44. S Sarah
63%
18. L Lea
60%
36. L Lara
59%
37. M Maria
59%
19. E Emily
55%
66. L Laura
52%
26. L Luisa
52%
40. E Elisa
51%
8. E Ella
49%
23. L Leonie
47%
39. P Paula
47%
25. C Charlotte
45%
7. C Clara
45%
12. I Ida
43%
85. J Julia
43%
58. M Mara
42%
33. J Johanna
41%
96. P Pia
41%
48. E Elena
40%
21. A Amelie
38%
9. M Mila
37%
16. F Frieda
36%
17. M Maja
36%
13. L Lilly
35%
35. H Helena
34%
27. L Luna
34%
70. A Alina
32%
11. L Leni
32%
24. N Nora
31%
42. N Nele
30%
76. L Luise
29%
14. M Mathilda
29%
68. Z Zoe
29%
49. C Carla
28%
99. F Finja
28%
83. M Mina
28%
30. M Mira
28%
52. E Eva
26%
43. A Antonia
25%
67. F Fiona
25%
93. I Isabell
25%
61. M Marlene
25%
45. O Olivia
25%
90. E Elisabeth
24%
34. L Lotta
21%
20. M Malia
21%
71. P Paulina
21%
91. P Pauline
21%
31. A Amalia
20%
73. M Melina
20%
59. C Carlotta
19%
80. A Amelia
18%
82. C Chiara
18%
51. E Elina
18%
38. T Thea
17%
75. J Josephine
16%
63. A Alma
15%
32. J Juna
15%
72. M Merle
15%
84. L Liv
14%
28. R Romy
14%
87. V Valentina
14%
57. I Isabella
13%
47. V Victoria
13%
60. L Liana
11%
88. M Malina
11%
97. M Marta
11%
86. R Rosa
11%
62. A Alia
10%
89. A Ava
10%
50. T Tilda
10%
54. L Livia
9%
77. M Malea
8%
64. A Amira
7%
53. A Aurelia
7%
79. A Alea
6%
65. C Cleo
6%
55. H Hailey
6%
94. L Leyla
6%
78. A Aaliyah
4%
95. M Malou
4%
81. R Rosalie
4%
100. A Amara
3%
69. A Arya
3%
98. A Aylin
3%
74. E Eliana
3%
46. A Ayla
2%
92. M Mariam
1%
Keine übereinstimmenden Quizze gefunden
Verteilung der Resultate
Anzahl Personen mit jedem Resultat
Perzentil nach korrekt beantworteten Fragen
Ihre Resultats-Entwicklung
Sie haben dieses Quiz noch nicht gespielt